Hudobný svet sa opäť zišiel v Bratislave

Bibliographic Details
Main Author: Bachleda, Stanislav, 1943- (Author)
Format: Article
Language:Slovak
PhysicalDescription:Fotogr. 1
Subjects:

MARC

LEADER 00000nab a2200000 a 4500
001 vtls000565802
003 SK-MaSNL
005 20260305021257.0
008 120929c1995 xo 0 slo
015 |a SNBRB19rr/mm-uuuuu 
035 |a CL0565940 
040 |a SNKBUCL  |b slo  |c SNKBUCL  |e AACR2 
041 0 |a slo 
044 |a xo  |c SK 
080 |a 78.091.4:782/785:78.036  |2 1981 
080 |a 782/785  |2 1981 
080 |a 78.036  |2 1981 
100 1 |a Bachleda, Stanislav,  |d 1943-  |4 aut  |9 243416 
245 1 0 |a Hudobný svet sa opäť zišiel v Bratislave  |c Stanislav Bachleda 
300 |b Fotogr. 1 
650 0 7 |a hudba súčasná  |2 snkbucl  |9 898239 
650 0 7 |a Melos Étos 1995, Bratislava  |2 snkbucl  |9 994103 
655 7 |a články z novín a časopisov  |2 snkbucl  |9 267496 
773 0 |t Národná obroda  |g Roč. 6, č. 261 (11. 11. 1995), s. 8 
850 |a Slovenská národná knižnica v Martine  |a MTA001 
852 |a SNK  |b KIS3GCP 
958 |a RK 
992 |a RBX 
999 |c 3284875  |d 3286805